000 00630nam a2200205Ia 4500
003 LK-CoDNM
008 010623t1991 xxu||||| |||| 00| 1 sin d
040 _aLK-CoDNM
_dLK-CoDNM
_eLK-CoDNM
041 _asin
080 _a069.01
_bREA
100 _aKumarasiri,Premalal.
_eed.
245 _aප්‍ර‍කෘතිකරණය සහ සංරක්‍ෂණය
246 _aPrakurthikaranaya saha Sanrakshanaya
260 _bPostgraduate Institute of Archaeology
_aColombo
_c1991
300 _bix,118p,pl., 21 cm
500 _aArchaeology SeriesNo.3
650 _aArchaeology
700 _aReader,Yosef.
942 _cBK
999 _c115233
_d115233